South Eastern Kenya University

Library Online Public Access Catalogue


Parametric modeling using Inventor : (Record no. 6813)

MARC details
000 -LEADER
fixed length control field 00532cam a2200157 a 4500
020 ## - ISBN
International Standard Book Number 1585032379 (pbk.)
020 ## - ISBN
International Standard Book Number 1585032387 (pbk.)
050 00 - LIBRARY OF CONGRESS CALL NUMBER
Classification Number TA345.5
Item Number .A98 2005
100 1# - MAIN ENTRY--Author
Personal name Shih, Randy H.
245 10 - TITLE
Title Parametric modeling using Inventor :
Remainder of title Autodesk Inventor 10 /
Statement of responsibility, etc by Randy H. Shih.
260 ## - PUBLICATION, DISTRIBUTION, ETC.(IMPRINT)
Place of publication, distribution, etc Mission, KS :
Name of publisher, distributor, etc Schroff Development Corporation,
Date of publication, distribution, etc c2005.
300 ## - PHYSICAL DESCRIPTION
Extent 1v. (various pagings)
500 ## - GENERALNOTE
General note Includes index.
650 ## - SUBJECT--TOPIC
General subdivision Computer-aided engineering ;
-- Engineering -- computer simulation.
942 ## - ADDED ENTRY ELEMENTS(KOHA)
Source of classification or shelving scheme Library of Congress Classification
Koha item type General circulation
Holdings
Source of classification or shelving scheme Not for loan Location (home branch) Sublocation (holding branch) Shelving location Date accessioned Cost, normal purchase price Full call number Barcode Cost, replacement price Nonpublic note Koha item type Public note
Library of Congress Classification   Main Campus Library Main Campus Library   22/07/2015 1048.00 TA345.5 .A98 2005 2015/003879 1152.00 Nzk General circulation Nzk
Kitui, Kenya.
+254736116989
library@seku.ac.ke